Lyrics to 'In My Sheets' by John Vincent III - Statistics

General Stats
  • This quiz has been taken 3 times
  • The average score is 272 of 274
Answer Stats
Answer % Correct
a
100%
alive
100%
all
100%
alone
100%
And
100%
and
100%
are
100%
babe
100%
baby
100%
back
100%
be
100%
been
100%
blinding
100%
bloodshot
100%
breathe
100%
can't
100%
carry
100%
Cause
100%
cigarette
100%
coughed
100%
created
100%
crying
100%
day
100%
dear?
100%
delta
100%
don't
100%
down
100%
dying
100%
enough
100%
escape
100%
eyes
100%
father
100%
fear
100%
feelings
100%
felt
100%
fill
100%
first
100%
front
100%
hang
100%
have
100%
he
100%
head
100%
hell
100%
home
100%
I
100%
I'll
100%
ill
100%
in
100%
inside
100%
it
100%
It's
100%
just
100%
keep
100%
kind
100%
like
100%
lonesome
100%
love
100%
lover?
100%
lung
100%
make
100%
man
100%
masking
100%
Maybe
100%
me
100%
mind
100%
more
100%
mother
100%
my
100%
My
100%
need
100%
needs
100%
never
100%
now
100%
of
100%
Of
100%
Ohio
100%
on
100%
On
100%
one
100%
One
100%
out
100%
oxygen
100%
photos
100%
pray
100%
river
100%
said
100%
see
100%
sheets
100%
skin?
100%
smoked
100%
So
100%
some
100%
somewhere
100%
take
100%
that
100%
the
100%
them
100%
there
100%
They
100%
They're
100%
they're
100%
think
100%
through
100%
time
100%
to
100%
To
100%
touch
100%
trying
100%
valley
100%
Virginia
100%
wake
100%
Walking
100%
wall
100%
was
100%
water
100%
what
100%
when
100%
When
100%
Where
100%
where
100%
will
100%
Will
100%
Wondering
100%
would
100%
you
100%
young
100%
But
67%
Boy
33%
only
33%
No matching quizzes found
Score Distribution
Percent of People with Each Score
Percentile by Number Answered
Your Score History
You have not taken this quiz